000 00635nam a2200217Ia 4500
003 OSt
005 20221007075326.0
006 a|||||r|||| 00| 0
007 ta
008 221006b |||||||| |||| 00| 0 eng d
024 _a12,241
037 _cReports / Technical Reports
040 _aFLL
_cFLL
_beng
041 _2eng
_aeng
082 _aV2:51.N70t, L4
245 0 _aOne-man commission of inquiry into the disappearance of Netaji Subhas Chandra Bose
260 _aNew Delhi
_bIndia
_c1974
300 _a137p
_ccm.
942 _hV2:51.N70t, L4
_cREP
_2CC
999 _c1155631
_d1155631